|
|
|
|
| LEADER |
00000nab a2200000 ar4500 |
| 001 |
vtls008987561 |
| 003 |
SK-MaSNL |
| 005 |
20260303191241.0 |
| 008 |
180406c2007 xo er|p|||||||000 b|slo |
| 015 |
|
|
|a SNBRB2007/05
|2 snkbucl
|
| 038 |
|
|
|a SNKBUCL
|
| 040 |
|
|
|a SNKBUCL
|b slo
|c SNKBUCL
|e AACR2
|
| 041 |
0 |
|
|a slo
|
| 044 |
|
|
|a xo
|c SK
|
| 080 |
|
|
|a 94(100)
|x "1914/1918"
|x (048)
|2 2001
|
| 080 |
|
|
|a 94(4)
|x "1914/1918"
|x (048)
|2 2001
|
| 080 |
|
|
|a 341.382"1920"
|x (048)
|2 2001
|
| 080 |
|
|
|a 94(437.6)
|x "1914/1920"
|x (048)
|2 2001
|
| 080 |
|
|
|a 94(439)
|x (048)
|2 2001
|
| 100 |
1 |
|
|a Chmelár, Eduard,
|d 1971-
|4 aut
|9 92992
|
| 245 |
1 |
0 |
|a Ignác Romsics: Trianonská mierová zmluva
|c Eduard Chmelár
|
| 630 |
0 |
7 |
|a Treaty of Peace between the Allied and Associated Powers and Hungary (1920 jún 4.)
|2 snkbucl
|9 189441
|
| 650 |
0 |
7 |
|a prvá svetová vojna (1914-1918)
|2 snkbucl
|9 162650
|
| 651 |
|
7 |
|a Maďarsko
|x dejiny
|2 snkbucl
|9 18630
|
| 655 |
|
7 |
|a recenzie
|2 snkbucl
|9 21907
|
| 773 |
0 |
|
|t Knižná revue
|g Roč. XVII, č. 9 (2007), s. 8
|x 1210-1982
|
| 787 |
0 |
8 |
|i Rec.:
|a Romsics, Ignác, 1951-
|t Trianonská mierová zmluva
|d Bratislava : Kalligram, 2006
|z 8071498289
|
| 852 |
|
|
|a SNK
|b KIS3GCP
|
| 958 |
|
|
|a RC
|
| 958 |
|
|
|a HU
|
| 958 |
|
|
|a SK
|
| 999 |
|
|
|c 2140301
|d 2142231
|